Nombres de Países del Mundo en Inglés - Estadísticas

Estadísticas generales
  • Esta prueba ha sido intentada 63 veces
  • La puntuación promedio es 36 de 96
Estadísticas de respuestas
Hint Respuesta % Correcto
Italia Italy
73%
Afganistán Afghanistan
71%
Brasil Brazil
71%
Alemania Germany
71%
Grecia Greece
71%
Dinamarca Denmark
69%
Francia France
69%
Croacia Croatia
64%
Finlandia Finland
64%
Japón Japan
64%
Corea del Norte North Korea
62%
Egipto Egypt
60%
Noruega Norway
60%
Rusia Russia
60%
España Spain
60%
Hungría Hungary
58%
Irlanda Ireland
58%
Islandia Iceland
56%
Nueva Zelanda New Zealand
56%
Polonia Poland
56%
Corea del Sur South Korea
56%
Estados Unidos United States
53%
Países Bajos Netherlands
51%
Irak Iraq
49%
Jordania Jordan
49%
Luxemburgo Luxembourg
49%
Catar Qatar
49%
Rumania Romania
49%
Suecia Sweden
49%
Chipre Cyprus
47%
Camerún Cameroon
44%
Libia Libya
44%
Islas Marshall Marshall Islands
44%
Marruecos Morocco
44%
Fiyi Fiji
42%
Kenia Kenya
42%
Sudáfrica South Africa
42%
Turquía Turkey
42%
Argelia Algeria
40%
República Dominicana Dominican Republic
40%
Etiopía Ethiopia
40%
Letonia Latvia
40%
Filipinas Philippines
40%
Tailandia Thailand
40%
Camboya Cambodia
38%
Lituania Lithuania
38%
Siria Syria
38%
Ucrania Ukraine
38%
Botsuana Botswana
36%
Maldivas Maldives
36%
Macedonia del Norte North Macedonia
36%
Eslovenia Slovenia
36%
Malaui Malawi
33%
Arabia Saudita Saudi Arabia
33%
Suiza Switzerland
33%
Túnez Tunisia
33%
Azerbaiyán Azerbaijan
31%
Bosnia y Herzegovina Bosnia and Herzegovina
31%
República Checa Czech Republic
31%
Moldavia Moldova
31%
Ruanda Rwanda
31%
Eslovaquia Slovakia
31%
Cabo Verde Cape Verde
29%
Costa de Marfil Ivory Coast
29%
Malasia Malaysia
29%
Sudán del Sur South Sudan
29%
Baréin Bahrain
27%
Lesoto Lesotho
27%
Santa Lucía Saint Lucia
27%
Ciudad del Vaticano Vatican City
27%
Mauricio Mauritius
24%
Antigua y Barbuda Antigua and Barbuda
22%
Bután Bhutan
22%
República Centroafricana Central African Republic
22%
Comoras Comoros
22%
Yibuti Djibouti
22%
Palaos Palau
22%
Papúa Nueva Guinea Papua New Guinea
20%
Surinam Suriname
20%
Guinea Ecuatorial Equatorial Guinea
18%
Granada Grenada
18%
Singapur Singapore
18%
Islas Salomón Solomon Islands
18%
Zimbabue Zimbabwe
18%
Kazajistán Kazakhstan
16%
Kirguistán Kyrgyzstan
13%
República Democrática del Congo Democratic Republic of the Congo
9%
San Cristóbal y Nieves Saint Kitts and Nevis
9%
Santo Tomé y Príncipe São Tomé and Príncipe
9%
Sierra Leona Sierra Leone
9%
Tayikistán Tajikistan
9%
Trinidad y Tobago Trinidad and Tobago
9%
Emiratos Árabes Unidos United Arab Emirates
9%
Timor Oriental East Timor
7%
República del Congo Republic of the Congo
4%
San Vicente y las Granadinas Saint Vincent and the Grenadines
4%
No se encontraron pruebas coincidentes
Distribución de puntuación
Porcentaje de gente con cada puntuación
Porcentaje por número respondido
Historial de tus puntuaciones
No has intentado esta prueba.